000 00867nam a2200265Ia 4500
003 OSt
005 20220923215811.0
006 a|||||r|||| 00| 0
007 ta
008 220922b |||||||| |||| 00| 0 hin d
020 _c30
024 _a181,921
037 _cTextual
040 _aARTS
_cARTS
_bhin
041 _2hin
_ahin
082 _aO152,1N389x, M7
100 _aशर्मा, मालती
_9156290
245 0 _aआक्टोपस के पेट मेें बचा एक बीज
246 _aĀkṭopas ke peṭ meean bachā ek bīja
260 _aबम्बई
_b नीरज प्रकाशन
_c1987
300 _a102 पृ.
_ccm.
650 _aहिन्दी साहित्य
_9156264
942 _hO152,1N389x, M7
_cTEXL
_2CC
999 _c335298
_d335298